[Event "5e Tournoi Estival"]
[Site "Sanary sur Mer"]
[Date "2013.08.30"]
[Round "6.1"]
[White "Clement, Olivier"]
[Black "Bonnafous, Michel"]
[Result "0-1"]
[WhiteElo "2064"]
[BlackElo "2069"]
[PlyCount "112"]
[EventDate "2013.08.27"]
[SourceDate "2013.08.27"]

1. e4 g6 2. d4 Nf6 3. Nc3 d6 4. Bg5 h6 5. Bf4 c6 6. Qd2 Qa5 7. f3 Nbd7 8. g4 e5
9. Be3 Bg7 10. O-O-O a6 11. dxe5 dxe5 12. Bc4 Bf8 13. Nge2 Qc7 14. Ng3 b5 15.
Bf1 Nc5 16. Qf2 Ne6 17. Kb1 Rb8 18. Bg2 b4 19. Nce2 c5 20. h4 Nf4 21. g5 hxg5
22. hxg5 Rxh1 23. Rxh1 N6h5 24. Nxh5 Nxh5 25. Ng3 Nxg3 26. Qxg3 c4 27. Rh8 b3
28. Bd4 bxc2+ 29. Kxc2 Rb5 30. a4 Qd6 31. axb5 Qxd4 32. Qe1 Qd3+ 33. Kc1 axb5
34. Qb4 Qe3+ 35. Kb1 Qg1+ 36. Ka2 Qa7+ 37. Qa3 Qxa3+ 38. bxa3 Be6 39. Bf1 f6
40. gxf6 Kf7 41. Kb2 g5 42. Rh7+ Kxf6 43. Rb7 c3+ 44. Kxc3 Bxa3 45. Bxb5 Bc5
46. Bc4 Bd4+ 47. Kd3 Bh3 48. Rc7 g4 49. Rc6+ Kg5 50. Be6 Bf1+ 51. Kd2 g3 52.
Rc8 g2 53. Ke1 Kf4 54. Rg8 Kxf3 55. Bd5 Be2 56. Bf7 Bc3# 0-1

[Event "5e Tournoi Estival"]
[Site "Sanary sur Mer"]
[Date "2013.08.30"]
[Round "6.2"]
[White "Petrossian, Armen"]
[Black "Fayette, Sylvain"]
[Result "1/2-1/2"]
[WhiteElo "2393"]
[BlackElo "1976"]
[PlyCount "44"]
[EventDate "2013.08.27"]
[SourceDate "2013.08.27"]

1. e4 e6 2. d4 d5 3. Nc3 Nf6 4. Bg5 dxe4 5. Nxe4 Nbd7 6. Nf3 Be7 7. Nxf6+ Nxf6
8. Bd3 b6 9. Ne5 Bb7 10. Bb5+ c6 11. Qf3 Qd5 12. Bxf6 Qxf3 13. gxf3 Bxf6 14.
Bxc6+ Bxc6 15. Nxc6 Rc8 16. Nxa7 Rxc2 17. O-O Rxb2 18. Nc6 Kd7 19. Ne5+ Bxe5
20. dxe5 Ra8 21. Rfd1+ Ke7 22. Rac1 Ra7 1/2-1/2

[Event "5e Tournoi Estival"]
[Site "Sanary sur Mer"]
[Date "2013.08.30"]
[Round "6.3"]
[White "Tenninger, Marc"]
[Black "Banuls, Adrien"]
[Result "0-1"]
[WhiteElo "1855"]
[BlackElo "1929"]
[PlyCount "100"]
[EventDate "2013.08.27"]
[SourceDate "2013.08.27"]

1. d4 d5 2. Nf3 Nf6 3. e3 Bg4 4. Nbd2 c5 5. c3 Nc6 6. h3 Bh5 7. g4 Bg6 8. dxc5
e6 9. b4 Be7 10. Be2 O-O 11. O-O Ne4 12. Nxe4 Bxe4 13. Nd4 Nxd4 14. cxd4 Qc7
15. Bd3 f5 16. f4 Bxd3 17. Qxd3 g5 18. Kg2 a5 19. b5 fxg4 20. hxg4 Rf7 21. Bd2
Raf8 22. Rh1 Rg7 23. Kg3 b6 24. cxb6 gxf4+ 25. exf4 Qxb6 26. Raf1 Rf6 27. Kf3
Bd6 28. Ke2 Qc7 29. g5 Rf5 30. Qe3 Re7 31. g6 hxg6 32. Rfg1 Bxf4 33. Qc3 Kg7
34. Qxc7 Rxc7 35. Bxa5 Rc2+ 36. Kd3 Rxa2 37. Bc3 Bd6 38. Rh3 Ra3 39. Rb1 g5 40.
b6 Bb8 41. Re3 Kf6 42. Rbe1 e5 43. dxe5+ Ke6 44. Rh1 Bxe5 45. b7 Rxc3+ 46. Kd2
Rf2+ 47. Ke1 Rxe3+ 48. Kxf2 Rb3 49. Rh6+ Bf6 50. Rh7 Be7 0-1

[Event "5e Tournoi Estival"]
[Site "Sanary sur Mer"]
[Date "2013.08.30"]
[Round "6.4"]
[White "Vincken Vasquez, Dimaryk"]
[Black "Feraud, Guillaume"]
[Result "0-1"]
[WhiteElo "1600"]
[BlackElo "1734"]
[PlyCount "96"]
[EventDate "2013.08.27"]
[SourceDate "2013.08.27"]

1. e4 e5 2. Nf3 Nc6 3. d4 exd4 4. Nxd4 Bc5 5. Nb3 Bb6 6. Nc3 a6 7. Qe2 d6 8.
Be3 Bxe3 9. Qxe3 Nf6 10. O-O-O Qe7 11. h3 Be6 12. f4 Nd7 13. Nd4 f6 14. Nxe6
Qxe6 15. Nd5 O-O-O 16. Bc4 Kb8 17. Rd3 Nc5 18. Rb3 Nxb3+ 19. Qxb3 Na5 20. Qb4
Nxc4 21. Qxc4 c6 22. Nb6 Rhe8 23. Qxe6 Rxe6 24. Re1 Rde8 25. Nc4 Kc7 26. Rd1 d5
27. exd5 cxd5 28. Rxd5 Re1+ 29. Rd1 Rxd1+ 30. Kxd1 Re4 31. Nd2 Rxf4 32. Nf3 Kd6
33. Kd2 Kd5 34. Kd3 b5 35. a3 g5 36. b3 h5 37. Ke3 Re4+ 38. Kf2 g4 39. hxg4
hxg4 40. Nd2 Rd4 41. Nf1 f5 42. g3 Ke4 43. Ke2 Rd7 44. Ne3 Rh7 45. Ng2 Kd4 46.
Nf4 Kc3 47. a4 Kxc2 48. axb5 axb5 0-1

[Event "5e Tournoi Estival"]
[Site "Sanary sur Mer"]
[Date "2013.08.30"]
[Round "6.5"]
[White "Eisenberg, Philippe"]
[Black "Savalle, Alexandre"]
[Result "1-0"]
[WhiteElo "1640"]
[BlackElo "2016"]
[PlyCount "81"]
[EventDate "2013.08.27"]
[SourceDate "2013.08.27"]

1. d4 Nf6 2. c4 c5 3. d5 e6 4. Nc3 exd5 5. cxd5 d6 6. e4 g6 7. Nge2 Bg7 8. Ng3
O-O 9. Be2 h5 10. Bg5 a6 11. a4 Nbd7 12. O-O Re8 13. f3 Ne5 14. Qd2 Qc7 15.
Rfc1 Rb8 16. Rab1 Bd7 17. h3 b5 18. b4 Nh7 19. Be3 h4 20. Nf1 f5 21. bxc5 b4
22. Nd1 a5 23. cxd6 Qxd6 24. f4 fxe4 25. fxe5 Bxe5 26. Bc5 Qf6 27. d6 Ng5 28.
Bg4 Bxg4 29. hxg4 h3 30. Qf2 Qe6 31. Qh4 hxg2 32. Qxg5 gxf1=Q+ 33. Kxf1 Rf8+
34. Nf2 Bf4 35. Qe7 Qd5 36. Rc2 Rbe8 37. Qa7 e3 38. d7 Ra8 39. Qb6 Qg5 40. Bxf8
Rxf8 41. Rc8 1-0